Euripides. (Record no. 6265)
[ view plain ]
| 000 -LEADER | |
|---|---|
| fixed length control field | 00755nam a22001817 4500 |
| 020 ## - INTERNATIONAL STANDARD BOOK NUMBER | |
| ISBN | 9780226307800 |
| 020 ## - INTERNATIONAL STANDARD BOOK NUMBER | |
| ISBN | 0226307808 |
| 050 ## - CALL NUMBER | |
| Classification number | PA3975 |
| Item number | .E97 |
| 100 0# - AUTHOR | |
| Personal name | Grene, David.(ed.) |
| 245 10 - TITLE | |
| Title | Euripides. |
| Statement of responsibility, etc | edited by David Grene and Richmond Lattimore. |
| 260 ## - PUBLICATION INFORMATION | |
| Place of publication | Chicago : |
| Name of publisher | University of Chicago Press, |
| Year of publication | 1955. |
| 300 ## - DESCRIPTION | |
| Number of Pages | ix, 220 p. |
| Dimensions | 20.3 cm |
| 505 0# - FORMATTED CONTENTS NOTE | |
| Table of Content | Alcestis / translated by Ricmond Lattimore. --<br/>The Medea / translated by Rex Warner. --<br/>The Heracleidae / translated by Ralph Gladstone.--Hippolytus / translated by David Grene. |
| 650 ## - SUBJECTS | |
| Topical Term | Greek drama |
| General subdivision | Greek drama -- Translations into English |
| 650 ## - SUBJECTS | |
| Topical Term | English drama |
| General subdivision | English drama -- Translations from Greek. |
| 700 1# - OTHER AUTHORS | |
| Personal name | Lattimore, Richmond.(ed.) |
| 942 ## - ADDED ENTRY ELEMENTS (KOHA) | |
| Koha item type | Books |
| Withdrawn status | Lost status | Collection code | Home library | Current library | Shelving location | Date acquired | Full call number | Accession Number | Koha item type |
|---|---|---|---|---|---|---|---|---|---|
| Reference | Methodist University Library Main | Methodist University Library Main | General Stacks | 17/07/2000 | PA3975 .E97 | 27496 | Books |